[Event "Ile et Vilaine op"]
[Site "Rennes"]
[Date "2017.07.13"]
[Round "8"]
[White "Bordais, Benjamin"]
[Black "Stephan, Victor"]
[Result "0-1"]
[WhiteElo "2114"]
[BlackElo "2352"]
[PlyCount "58"]
[EventDate "2017.07.08"]
[EventType "swiss"]
[EventRounds "9"]
[EventCountry "FRA"]
[SourceTitle "EXT 2019"]
[Source "ChessBase"]
[SourceDate "2018.10.10"]
[SourceVersion "1"]
[SourceVersionDate "2018.10.10"]
[SourceQuality "1"]

1. e4 c6 2. d4 d5 3. Nd2 dxe4 4. Nxe4 Bf5 5. Ng3 Bg6 6. Bc4 e6 7. c3 Bd6 8. Nh3 Qc7 9. Nh5 Bxh5 10. Qxh5 Nf6 11. Qe2 Nbd7 12. Ng5 0-0 13. Nf3 e5 14. Be3 Rae8 15. 0-0-0 e4 16. Nd2 b5 17. Bb3 a5 18. Bc2 a4 19. c4 bxc4 20. Nxc4 a3 21. Nxd6 axb2+ 22. Kxb2 Qxd6 23. Bb3 Nd5 24. Qg4 N7f6 25. Qg3 Qb4 26. Rc1 Ra8 27. Rc4 Qa3+ 28. Kb1 Rfb8 29. Bc1 Qxa2# 0-1

[Event "Ile et Vilaine op"]
[Site "Rennes"]
[Date "2017.07.08"]
[Round "1"]
[White "Bordais, Benjamin"]
[Black "Delaruelle, Christian"]
[Result "1-0"]
[WhiteElo "2114"]
[BlackElo "1778"]
[PlyCount "55"]
[EventDate "2017.07.08"]
[EventType "swiss"]
[EventRounds "9"]
[EventCountry "FRA"]
[SourceTitle "EXT 2019"]
[Source "ChessBase"]
[SourceDate "2018.10.10"]
[SourceVersion "1"]
[SourceVersionDate "2018.10.10"]
[SourceQuality "1"]

1. e4 Nc6 2. Nf3 f5 3. exf5 d5 4. Bb5 Bxf5 5. Nh4 e6 6. Nxf5 exf5 7. 0-0 Bd6 8. c4 dxc4 9. Re1+ Kd7 10. Qc2 Qf6 11. Na3 Nh6 12. d4 a6 13. Bxc6+ bxc6 14. Bxh6 gxh6 15. Nxc4 Rae8 16. Ne5+ Bxe5 17. dxe5 Rxe5 18. Rxe5 Qxe5 19. Rd1+ Ke7 20. Qd2 Kf7 21. Qd7+ Kg6 22. Qxc6+ Kh5 23. Qc4 Re8 24. Qf7+ Kg5 25. g3 Qe7 26. h4+ Kg4 27. Rd4+ Kf3 28. Qh5# 1-0

[Event "Sables d'Olonne op 2nd"]
[Site "Sables d'Olonne"]
[Date "2015.07.12"]
[Round "2"]
[White "Demuth, Adrien"]
[Black "Bordais, Benjamin"]
[Result "1-0"]
[WhiteElo "2531"]
[BlackElo "2055"]
[PlyCount "131"]
[EventDate "2015.07.11"]
[EventType "swiss"]
[EventRounds "9"]
[EventCountry "FRA"]
[SourceTitle "CBM 167 Extra"]
[Source "ChessBase"]
[SourceDate "2015.09.14"]
[SourceVersion "1"]
[SourceVersionDate "2015.09.14"]
[SourceQuality "1"]

1. d4 d5 2. c4 dxc4 3. e3 e5 4. Bxc4 exd4 5. exd4 Nf6 6. Nf3 Bd6 7. 0-0 0-0 8. h3 Nbd7 9. Nc3 Nb6 10. Bb3 c6 11. Bg5 Be7 12. Re1 Nfd5 13. Rxe7 Nxe7 14. Qe2 Re8 15. Re1 Nbd5 16. Nxd5 cxd5 17. Bxe7 Qa5 18. Bb4 Rxe2 19. Bxa5 Rxe1+ 20. Nxe1 Be6 21. Nc2 b6 22. Bc3 f6 23. Ne3 Rd8 24. f4 g6 25. Kf2 a5 26. g4 Kf8 27. Ba4 Bd7 28. Bd1 Bc6 29. Bf3 Ke7 30. Nc4 Rb8 31. Ne3 Rd8 32. f5 Kd6 33. fxg6 hxg6 34. h4 Rh8 35. Kg3 Re8 36. Ng2 g5 37. hxg5 fxg5 38. Bd2 Rg8 39. Be2 Ke6 40. Ne1 Kf6 41. Bd3 Bd7 42. Nf3 Be6 43. b3 Rg7 44. Bc1 Rg8 45. Be3 Rg7 46. Bd2 Rg8 47. Bb5 Rg7 48. Bc6 Rg8 49. Bb5 Rg7 50. a3 Rg8 51. b4 axb4 52. axb4 Rg7 53. Bc6 Rg8 54. b5 Rg7 55. Bc1 Rg8 56. Ba3 Rd8 57. Nxg5 Bd7 58. Nf3 Bxc6 59. bxc6 Ke6 60. Kf4 Ra8 61. Bb4 Ra4 62. Ng5+ Kf6 63. c7 Ra8 64. Nh7+ Ke6 65. Nf8+ Kf7 66. Ke5 1-0

[Event "Caen Alekhine op-A 22nd"]
[Site "Caen"]
[Date "2012.11.02"]
[Round "2"]
[White "Wiley, Tom E"]
[Black "Bordais, Benjamin"]
[Result "0-1"]
[WhiteElo "2280"]
[BlackElo "1957"]
[PlyCount "108"]
[EventDate "2012.11.01"]
[EventType "swiss"]
[EventRounds "7"]
[EventCountry "FRA"]
[SourceTitle "EXT 2013"]
[Source "ChessBase"]
[SourceDate "2012.11.22"]
[SourceVersion "1"]
[SourceVersionDate "2012.11.22"]
[SourceQuality "1"]

1. d4 Nf6 2. c4 Nc6 3. Nf3 e6 4. Nc3 Bb4 5. Qc2 Qe7 6. Bd2 d6 7. a3 Bxc3 8. Bxc3 e5 9. d5 Nd8 10. e4 0-0 11. g3 Ne8 12. Bg2 f5 13. exf5 Bxf5 14. Qe2 Bg4 15. h3 Bh5 16. Qe3 Nf6 17. 0-0 Nd7 18. Rae1 Nb6 19. b3 Rc8 20. a4 Nd7 21. Nd2 b6 22. f4 Re8 23. a5 Nb7 24. g4 Bg6 25. axb6 axb6 26. f5 Bf7 27. g5 Rf8 28. Bf3 Ra8 29. Re2 g6 30. f6 Qe8 31. h4 Ra3 32. b4 b5 33. Nb1 Ra4 34. cxb5 Nb6 35. Qd3 Qd7 36. Be1 Rfa8 37. Qb3 Qxb5 38. h5 Bxd5 39. Bxd5+ Qxd5 40. f7+ Kf8 41. Qh3 Qd4+ 42. Bf2 Qxb4 43. Bg3 Qg4 44. Qg2 Qxg5 45. Qxb7 Qxg3+ 46. Rg2 Qe3+ 47. Rff2 Ra1 48. Qxc7 Rxb1+ 49. Kh2 Qd4 50. Rf3 Rc8 51. hxg6 hxg6 52. Qb7 Qd5 53. Qxd5 Nxd5 54. Rxg6 Ke7 0-1

[Event "FRA-ch U16"]
[Site "Nimes"]
[Date "2012.04.15"]
[Round "2"]
[White "Bordais, Benjamin"]
[Black "Kirk, Ezra"]
[Result "1/2-1/2"]
[WhiteElo "1875"]
[BlackElo "2201"]
[PlyCount "150"]
[EventDate "2012.04.14"]
[EventType "swiss"]
[EventRounds "9"]
[EventCountry "FRA"]
[SourceTitle "CBM 148 Extra"]
[Source "ChessBase"]
[SourceDate "2012.06.22"]
[SourceVersion "1"]
[SourceVersionDate "2012.06.22"]
[SourceQuality "1"]

1. e4 c5 2. Nf3 Nc6 3. d4 cxd4 4. Nxd4 g6 5. Nc3 Bg7 6. Nde2 Nf6 7. g3 b5 8. Bg2 Rb8 9. 0-0 d6 10. Nd5 0-0 11. c3 b4 12. c4 Ne5 13. Ne3 Nfg4 14. Qc2 Be6 15. Nxg4 Bxg4 16. Be3 Qc7 17. b3 Bxe2 18. Qxe2 Nd7 19. Rad1 Nc5 20. Bd4 Bxd4 21. Rxd4 e5 22. Rd5 Ne6 23. Rc1 Nd4 24. Qe3 Qe7 25. Bh3 Rfd8 26. f4 f6 27. Qf2 Rb7 28. Kg2 Rc7 29. Qd2 Rb8 30. fxe5 fxe5 31. Rf1 Rf8 32. Rxf8+ Qxf8 33. Bg4 h5 34. Bd1 Qf6 35. Qf2 Qxf2+ 36. Kxf2 Rc6 37. Ra5 Rc7 38. Ra6 Nc6 39. g4 hxg4 40. Bxg4 Kf7 41. Kg3 Ke7 42. Kh4 Nb8 43. Ra5 a6 44. Kg5 Kf7 45. Rd5 Rc6 46. Rd3 Kg7 47. h4 a5 48. Rd5 Ra6 49. Rb5 Nc6 50. Rb7+ Kf8 51. Kxg6 d5 52. Rf7+ Ke8 53. Bd7+ Kd8 54. Bxc6 Rxc6+ 55. Kf5 dxc4 56. bxc4 Rxc4 57. Ra7 Rc2 58. Rxa5 Rh2 59. Kxe5 Rxh4 60. Kd5 Rh5+ 61. e5 Rh6 62. Ra7 Ke8 63. Ra4 Rb6 64. Kc4 Re6 65. Ra5 Rb6 66. Rb5 Ra6 67. Kb3 Ra3+ 68. Kb2 Re3 69. Rxb4 Rxe5 70. Rd4 Re7 71. a4 Rd7 72. Rxd7 Kxd7 73. a5 Kc6 74. a6 Kb6 75. a7 Kxa7 1/2-1/2